Programación de sistemas embebidos en C Teoría y prácticas aplicadas a cualquier microcontrolador / Gustavo Galeano (Registro nro. 24268)

Detalles MARC
000 -LÍDER
fixed length control field 00523nam a2200145 4500
020 ## - NÚMERO INTERNACIONAL NORMALIZADO PARA LIBROS
ISBN 978-958-682-770-6
050 ## - SIGNATURA TOPOGRAFICA DE LA BIBLIOTECA DEL CONGRESO (LC)
Número de Clasificación TK7895 E42 G131 2009
082 ## - NUMERO DE CLASIFICACION DECIMAL DEWEY
Número de Clasificación 004.21 G27p
100 ## - ASIENTO PRINCIPAL--NOMBRE PERSONAL
Nombre personal Galeano, Gustavo
245 ## - TÍTULO
Título Programación de sistemas embebidos en C Teoría y prácticas aplicadas a cualquier microcontrolador / Gustavo Galeano
260 ## - PUBLICACIÓN, DISTRIBUCIÓN, ETC. (PIE DE IMPRENTA)
Lugar de publicación, distribución, etc. México : Alfaomega
300 ## - DESCRIPCIÓN FÍSICA
Extensión xvi, 524 p. / 23 cm.
500 ## - NOTA GENERAL
Nota general Incluye glosario
650 ## - ASIENTO SECUNDARIO DE MATERIA - TERMINO TEMÁTICO
Término temático o nombre geográfico como elemento de entrada 1. MICROPROCESADORES - DISEÑO Y CONSTRUCCION / 2. SISTEMAS DE CONTROL DIGITAL
Existencias
No. biblioteca No. biblioteca Número de clasificación Código de barras/Número de adquisición Número de copia Tipo de material
LUIS G. INCLAN LUIS G. INCLAN 004.21 G27p 49350 1 Libros
LUIS G. INCLAN LUIS G. INCLAN 004.21 G27p 49640 2 Libros
LUIS G. INCLAN LUIS G. INCLAN 004.21 G27p 49641 3 Libros
Calzada Tecnológico # 27, Zacatepec, Morelos.
01(734) 343-07-23 / 343-21-10 / 343-21-11
Apdo. Postal 45 C.P 62780